000 00610nam a2200241 i 4500
001 C2-0254964
003 PPAK
005 20180727222848.0
008 040518s2003 nyu |||| ||||| | eng d
020 _a0345461967
040 _aPPAK
_beng
_cPPAK
_erda
082 0 4 _a823
_223
090 0 0 _a823
_bCLA
_dG
100 1 _aClaremont, Chris,
_eauthor
245 1 0 _aX-men 2
264 1 _aNew York :
_bBallantine Books ,
_c2003
300 _a408 pages ;
_c18 cm
336 _2rdacontent
_atext
337 _2rdamedia
_aunmediated
338 _2rdacarrier
_avolume
650 1 0 _aEnglish fiction
942 _ddc
_cB
999 _c67604
_d67604